书目信息 |
| 题名: |
怎样做记者
|
|
| 作者: | 金树华 , 金丽琛 著 | |
| 分册: | ||
| 出版信息: | 北京 中国国际广播出版社 2012.01 |
|
| 页数: | 512页 | |
| 开本: | 24cm | |
| 丛书名: | ||
| 单 册: | ||
| 中图分类: | G214.2 , I253 | |
| 科图分类: | ||
| 主题词: | 记者--工作经验 , 新闻采访--作品集--中国--现代 , 记者 , 工作经验 , 新闻采访 | |
| 电子资源: | ||
| ISBN: | 978-7-5078-3369-0 | |
| 000 | 01090nam0 2200313 450 | |
| 001 | 010050007215 | |
| 005 | 20130609083425.37 | |
| 010 | @a978-7-5078-3369-0@dCNY78.00@z7-5078-3369-0 | |
| 100 | @a20120223d2012 em y0chiy50 ea | |
| 101 | 0 | @achi |
| 102 | @aCN@b110000 | |
| 105 | @ay z 000yy | |
| 106 | @ar | |
| 200 | 1 | @a怎样做记者@9zen yang zuo ji zhe@e在线新闻采写范例@f金树华,金丽琛著 |
| 210 | @a北京@c中国国际广播出版社@d2012.01 | |
| 215 | @a512页@d24cm | |
| 330 | @a本书共分为六篇,主要内容包括:学会经营自己是成长的金钥匙;学好采访是记者的第一基本功;新理念是写作的灵魂;内参报道是新闻宣传的重要组成部分;充分发挥新闻舆论监督作用;对外宣传是一个非常广阔的天地。 | |
| 517 | 1 | @a在线新闻采写范例@9zai xian xin wen cai xie fan li |
| 606 | 0 | @a记者@x工作经验 |
| 606 | 0 | @a新闻采访@x作品集@y中国@z现代 |
| 606 | 0 | @a记者 |
| 606 | 0 | @a工作经验 |
| 606 | 0 | @a新闻采访 |
| 690 | @aG214.2@v4 | |
| 690 | @aI253@v4 | |
| 701 | 0 | @a金树华@9jin shu hua@f(1945-)@4著 |
| 701 | 0 | @a金丽琛@9jin li chen@f(1977-)@4著 |
| 801 | 0 | @aCN@bRENTIAN@c20120223 |
| 905 | @dG214.2@e537 | |
| 怎样做记者:在线新闻采写范例/金树华,金丽琛著.-北京:中国国际广播出版社,2012.01 |
| 512页;24cm |
| ISBN 978-7-5078-3369-0:CNY78.00 |
| 本书共分为六篇,主要内容包括:学会经营自己是成长的金钥匙;学好采访是记者的第一基本功;新理念是写作的灵魂;内参报道是新闻宣传的重要组成部分;充分发挥新闻舆论监督作用;对外宣传是一个非常广阔的天地。 |
| ● |
| 相关链接 |
|
|
|
|
正题名:怎样做记者
索取号:G214.2/537
 
预约/预借
| 序号 | 登录号 | 条形码 | 馆藏地/架位号 | 状态 | 备注 |
| 1 | 0545032 | 205450322 | 第一样本阅览室/ [索取号:G214.2/537] | 在馆 | |
| 2 | 0545033 | 205450331 | 第四借阅区/ [索取号:G214.2/537] | 在馆 | |
| 3 | 0545034 | 205450340 | 第四借阅区/ [索取号:G214.2/537] | 在馆 | |
| 4 | 0545035 | 205450359 | 第四借阅区/ [索取号:G214.2/537] | 在馆 | |
| 5 | 0545036 | 205450368 | 第四借阅区/ [索取号:G214.2/537] | 在馆 |